000 00483nam a2200181Ia 4500
005 20250423094917.0
008 250422s9999 xx 000 0 und d
020 _a0256178941
050 _aHD 30.28.C6433/
100 _aCollis, David J.
245 0 _aCorporate Strategy : resources and scope of the firm
260 _aChicago
260 _bIRWIN
260 _c1997
300 _a764 p
650 _aCreating Corporate Advantage Through Competitive Advantage
942 _cBK
999 _c28665
_d28665